000 00570nam a2200193 a 4500
005 20240924071501.0
008 010829s1997 r 000 0 eng d
020 _a8476660847
035 _aUPN01000110672
049 _aCG
050 4 _aHA763
_bE3.8
245 0 0 _aEducación técnico profesional :
_bcuaderno de trabajo 2 /
260 _aMadrid :
_bOEI,
_c1997.
300 _a82 p.
440 0 _aEducacion, trabajo y empleo.
_pCuaderno de trabajo ;
_v2
650 4 _aMaestros
_xFormación profesional
_9804
650 4 _aTrabajo
_xCapacitación
_921440
905 _aLibro
999 _c84581
_d84581